[Event "Michigan Class C"]
[Site "Auburn Hills"]
[Date "2005.01.16"]
[Round "5.6"]
[White "Spangler, Richard"]
[Black "Dowling, James"]
[Result "0-1"]
[WhiteElo "1434"]
[BlackElo "1525"]
[PlyCount "68"]
[EventDate "2005.01.15"]
[EventType "swiss"]
[EventRounds "5"]
[EventCountry "USA"]
[SourceTitle "EXT 2006"]
[Source "ChessBase"]
[SourceDate "2005.11.24"]
[SourceVersion "1"]
[SourceVersionDate "2005.11.24"]
[SourceQuality "1"]

1. d4 d5 2. Nf3 Nf6 3. e3 e6 4. Bd3 Bd7 5. c3 c5 6. Nbd2 c4 7. Bc2 b5 8. e4 dxe4 9. Nxe4 Nxe4 10. Bxe4 Bc6 11. Qe2 Be7 12. 0-0 Bd5 13. Bd2 Nc6 14. Ne5 Nxe5 15. Bxd5 Qxd5 16. dxe5 0-0 17. Rad1 Qc6 18. Be3 a6 19. Rd2 Rfd8 20. Rfd1 Rxd2 21. Rxd2 Rd8 22. Qd1 Rxd2 23. Qxd2 Qd5 24. Qxd5 exd5 25. g4 Kf8 26. f4 b4 27. Kg2 b3 28. axb3 cxb3 29. Bb6 Ba3 30. Kf2 Bxb2 31. Bc5+ Ke8 32. Ke2 Bc1 33. Kd1 Bxf4 34. h3 a5 0-1